000 01027nmc a2200385 a 4500
003 AR-BaBNM
005 20251128210535.0
008 120020s1996 ||||||||||||||000 | spa||
020 _a84-277-1229-4
040 _cAR-BaBNM
100 1 _aMorris, Jenny
245 1 0 _aEncuentros con desconocidas
_bfeminismo y discapacidad
250 _a1| ed.
260 _aMadrid
_bNarcea
_c1996
300 _a257 p.
_btablas, il.
490 0 _aMujeres
500 _aContiene referencias bibliográficas
610 2 4 _aBarclay School
610 2 4 _aPowerhouse
650 4 _aDELITOS SEXUALES
650 4 _aEDUCACION ESPECIAL
650 4 _aEDUCACION DE LA MUJER
650 4 _aEDUCACION SEXISTA
650 4 _aABUSO DE MENORES
650 4 _aFEMINISMO
650 4 _aDERECHOS DE LA MUJER
650 4 _aSEXUALIDAD
650 4 _aINTEGRACION SOCIAL
650 4 _aMINORIAS ETNICAS
650 4 _aCONFLICTOS FAMILIARES
653 _aDISCAPACITADOS
653 _aDISCRIMINACION EDUCATIVA
942 _cBK
998 _cRaquel
999 _c15865
_d15865